Oscillatory processes in solar and stellar coronae / (Record no. 172286)
[ view plain ]
| 000 -LEADER | |
|---|---|
| fixed length control field | 01029nam a22002657a 4500 |
| 003 - CONTROL NUMBER IDENTIFIER | |
| control field | OSt |
| 005 - DATE AND TIME OF LATEST TRANSACTION | |
| control field | 20250801121503.0 |
| 008 - FIXED-LENGTH DATA ELEMENTS--GENERAL INFORMATION | |
| fixed length control field | 250719b |||||||| |||| 00| 0 eng d |
| 020 ## - INTERNATIONAL STANDARD BOOK NUMBER | |
| International Standard Book Number | 9789402421958 (Hardcover) |
| 040 ## - CATALOGING SOURCE | |
| Original cataloging agency | NUST |
| Language of cataloging | eng |
| Transcribing agency | NUST |
| Modifying agency | NUST |
| Description conventions | rda |
| 050 ## - LIBRARY OF CONGRESS CALL NUMBER | |
| Classification number | QP396 OSC |
| 245 ## - TITLE STATEMENT | |
| Title | Oscillatory processes in solar and stellar coronae / |
| Statement of responsibility, etc. | Edited by Valery M. Nakariakov, Dipankar BanerjeeBo Li, Tongjiang Wang, Ivan Zimovets and Maurizio Falanga. |
| 260 ## - PUBLICATION, DISTRIBUTION, ETC. | |
| Place of publication, distribution, etc. | Netherlands; Dordrecht : |
| Name of publisher, distributor, etc. | Springer, |
| Date of publication, distribution, etc. | ©2023 |
| 300 ## - PHYSICAL DESCRIPTION | |
| Extent | 386 pages : |
| Other physical details | Illustrations ; |
| Dimensions | 26 cm. |
| 336 ## - CONTENT TYPE | |
| Source | rdamedia |
| Content type term | text |
| Content type code | txt |
| 337 ## - MEDIA TYPE | |
| Source | rdamedia |
| Media type term | unmediated |
| Media type code | n |
| 338 ## - CARRIER TYPE | |
| Source | rdamedia |
| Carrier type term | volume |
| Carrier type code | nc |
| 504 ## - BIBLIOGRAPHY, ETC. NOTE | |
| Bibliography, etc. note | Includes bibliographical references. |
| 650 ## - SUBJECT ADDED ENTRY--TOPICAL TERM | |
| Form subdivision | Oscillatory neural networks . |
| 650 ## - SUBJECT ADDED ENTRY--TOPICAL TERM | |
| Form subdivision | SCIENCE Life Sciences Molecular Biology. |
| 700 ## - ADDED ENTRY--PERSONAL NAME | |
| Personal name | Nakariakov, Valery M |
| Relator term | Editor |
| 700 ## - ADDED ENTRY--PERSONAL NAME | |
| Personal name | Bo Li ,Banerjee Dipankar |
| Relator term | Editor |
| 700 ## - ADDED ENTRY--PERSONAL NAME | |
| Personal name | Wang, Tongjiang |
| Relator term | Editor |
| 942 ## - ADDED ENTRY ELEMENTS (KOHA) | |
| Source of classification or shelving scheme | Library of Congress Classification |
| Koha item type | Ordinary Loan Books |
| Classification part | QP396 OSC |
| Call number prefix | QP |
| Call number suffix | OSC |
| Suppress in OPAC | No |
| Withdrawn status | Lost status | Source of classification or shelving scheme | Damaged status | Not for loan | Collection | Home library | Current library | Shelving location | Date acquired | Source of acquisition | Cost, normal purchase price | Total Checkouts | Full call number | Barcode | Date last seen | Accession number | Cost, replacement price | Price effective from | Koha item type | Public note |
|---|---|---|---|---|---|---|---|---|---|---|---|---|---|---|---|---|---|---|---|---|
| LCC | NFIC | MAIN | MAIN | GEN | 07/19/2025 | Book Aid International | 123.00 | QP396 OSC | 92004054562 | 07/19/2025 | 61720 | 123.00 | 07/19/2025 | BOOKS | Donation |